Správanie sa firiem v rámci udržateľného rozvoja ako jeden z aspektov ich konkurencieschopnosti

Model zdieľanej hodnoty. Sedem oblastí, ktoré využitím tohto obchodného modelu najviac prepájajú konkurenčnú hodnotu podniku a sociálne problémy spoločnosti. Environmentálny aspekt udržateľnosti. Environmentálny manažment a jeho hlavné ciele. Environmentálna zodpovednosť a ekologická udržateľnosť.

Saved in:
Bibliographic Details
Main Author: Palušková, Hana
Format: Book Chapter
Language:Slovak
Subjects:
Tags: Add Tag
No Tags, Be the first to tag this record!

MARC

LEADER 00000naa$a2200000$$$4500
001 0251420
005 20240502074031.8
041 0 |a slo 
044 |a SK 
245 1 0 |a Správanie sa firiem v rámci udržateľného rozvoja ako jeden z aspektov ich konkurencieschopnosti  |c Hana Palušková 
520 |a Model zdieľanej hodnoty. Sedem oblastí, ktoré využitím tohto obchodného modelu najviac prepájajú konkurenčnú hodnotu podniku a sociálne problémy spoločnosti. Environmentálny aspekt udržateľnosti. Environmentálny manažment a jeho hlavné ciele. Environmentálna zodpovednosť a ekologická udržateľnosť. 
610 2 0 |a rozvoj trvalo udržateľný 
610 2 0 |a zodpovednosť organizácie 
610 2 0 |a ekológia 
610 2 0 |a ochrana prostredia životného 
610 2 0 |a ochrana prírody 
610 2 0 |a recyklácia odpadu 
610 2 0 |a hodnota 
610 2 0 |a konkurencieschopnosť 
610 2 0 |a manažment environmentálny 
100 1 |a Palušková, Hana